As crónicas de Narnia (Registo nº 1109)

Detalhes MARC
000 -Etiqueta do registo
Cabeçalho 00860nam0a2200289 i 4500
005 - Identificador da versão
Campo de controlo 20240822170354.0
010 ## - Número internacional normalizado dos livros (ISBN)
Número (ISBN) 9789722331685
021 ## - Número do Depósito Legal
Código do país PT
Número 297 898/09
100 ## - Dados gerais de processamento
Dados gerais de processamento 20100506d20042009a y0pory5003 ba
101 1# - Língua de publicação
Língua do texto, banda sonora, etc. Português
Língua do documento no original Inglês
102 ## - Pais de publicação ou produção
País de publicação Portugal
105 ## - Campo de dados codificados: livros
Dados codificados dos livros a z 001yy
106 ## - Campo de dados codificados: material textual
Dados codificados do material textual r
200 1# - Titulo e menção de responsabilidade
Título próprio As crónicas de Narnia
Informação de outro título O Trono de Prata
Primeira menção de responsabilidade C.S. Lewis
Outras menções de responsabilidade il. Pauline Baynes
205 ## - Menção da edição
Menção da edição 8a ed.
210 ## - Publicação, Distribuição, etc. 
Lugar da edição, distribuição, etc. Barcarena, Queluz de Baixo
Nome do editor, distribuidor, etc. Presença
Data da publicação, distribuição, etc. 2009
215 ## - Descrição física 
Indicação específica da natureza do documento e extensão da espécie 167 p.
Outras indicações físicas il
Dimensões 21 cm
225 2# - Colecção 
Título próprio da colecção As Crónicas de Narnia
Indicação de volume 6
304 ## - Notas relativas a título e menção de responsabilidade 
Texto da nota Tít. orig.: The Silver Chair
606 ## - Nome comum usado como assunto
Número de registo de entrada de autoridade 0001496
Palavra de ordem Romances de Aventuras
Subdivisão de assunto Publicações Juvenis
675 ## - Classificação Decimal Universal (CDU)
Notação 821.111(417)-311.3
Edição BN
Língua da edição por
700 #1 - Nome de autor-pessoa física (responsabilidade principal)
Número de registo de entrada de autoridade 0001504
Palavra de ordem Lewis
Outra parte do nome não tomada para palavra de ordem C.S.
701 #1 - Nome de autor-pessoa física (co-responsabilidade principal)
Palavra de ordem Baynes
Outra parte do nome não tomada para palavra de ordem Pauline
Código de função Ilustrador / Técnico de desenho computorizado
702 #1 - Nome de autor-pessoa física (responsabilidade secundária)
Número de registo de entrada de autoridade 0001501
Palavra de ordem Bastos
Outra parte do nome não tomada para palavra de ordem Ana Falcão
Código de função Tradutor
942 ## - Elementos de entrada adicionados (Koha)
Tipo de item no Koha Livro
Exemplares
Situação do levantamento Origin of item (home branch) (coded) Biblioteca de empréstimo Código de barras Cota Circulation type (not for loan) Tipo de documento Nota do exemplar Damaged status
  Biblioteca Escolar Eng. Nuno Mergulhão Biblioteca Escolar Eng. Nuno Mergulhão BENM1999 8EST LEW   Livro Sem mensagem